|
|
|
|
| LEADER |
00000nab a2200000 a 4500 |
| 001 |
vtls011115430 |
| 003 |
SK-MaSNL |
| 005 |
20260303193413.0 |
| 008 |
230218|1973 xo |||||||||||||||||slo| |
| 015 |
|
|
|a SNBRB
|
| 035 |
|
|
|a (uuid)ec36cc67-852d-4548-8316-0dd4144cc2e9
|
| 035 |
|
|
|a (urnnbn)urn:nbn:sk:snk:ar-a08k01
|
| 035 |
|
|
|a urn:nbn:sk:snk-ab9m7w
|
| 040 |
|
|
|a SNKBUCL
|b slo
|c SNKBUCL
|e AACR2
|
| 041 |
0 |
|
|a slo
|
| 044 |
|
|
|a xo
|c SK
|
| 100 |
1 |
|
|a Mezencev, Jaroslav,
|d 1938-
|4 aut
|9 234133
|
| 245 |
1 |
0 |
|a ÚČINOK DOPLNKU KYSELINY GLUTÁMOVEJ DO KŔMNYCH ZMESÍ PRE BROJLEROV :
|b III. KORELAČNÁ ZÁVISLOSŤ MEDZI PRÍDAVKOM KYSELINY GLUTÁMOVEJ A HEPATÁLNYM VITAMÍNOM A A KAROTÍNMI
|c J. Mezencev, J. Lazar, F. Jenčík
|
| 700 |
1 |
|
|a Lazar, J.
|4 aut
|9 1139361
|
| 700 |
1 |
|
|a Jenčík, F.
|4 aut
|9 776532
|
| 773 |
0 |
|
|t Folia veterinaria
|g Roč. 17, č. 1-2 (1973), s. 61-65
|
| 954 |
|
|
|a odborná, vedecká literatúra pôvodná (slovenská)
|2 lita
|
| 958 |
|
|
|a OND
|
| 958 |
|
|
|a EUIPO
|
| 958 |
|
|
|a article13
|
| 999 |
|
|
|c 2152241
|d 2154171
|